00885 2200361 4500001002100000005001500021035001900036245005400055100002100109250000500130300002500135700001700160260005400177082000900231084001500240020002100255650002200276990001500298990001500313990001500328990001500343990001500358990001500373990001500388990001500403990001500418990001500433990001500448990001500463990001500478990001500493990001500508INLIS00000000000310220250716113057$a 0010-0725000027$a Al-Quran dan Hadis kelas XII /$c Lilis Fausiyah RA$a Lilis Fausiyah RA$a 3$a 188 ; $c 17,6 x 25 cm$a Andi Setyawan$a solo :$b PT Tiga serangkai pustaka mandiri,$c 2025$a 2x1.1$a 2x1.1 LIL a$a 978-623-513-184-9$a Al-Quran dan Hadis$a 4794/p/2025$a 4795/p/2025$a 4796/p/2025$a 4797/p/2025$a 4798/p/2025$a 4799/p/2025$a 4800/p/2025$a 4801/p/2025$a 4802/p/2025$a 4803/p/2025$a 4804/p/2025$a 4805/p/2025$a 4806/p/2025$a 4807/p/2025$a 4808/p/2025